| 000 -LEADER |
| fixed length control field |
00738cam a2200229 a 4500 |
| 020 ## - INTERNATIONAL STANDARD BOOK NUMBER |
| ISBN |
1863200185 |
| 040 ## - CATALOGING SOURCE |
| Transcribing agency |
MnSU |
| 082 ## - DEWEY DECIMAL CLASSIFICATION NUMBER |
| Classification number |
633 ACI 1990 A049 Co. |
| 245 00 - TITLE STATEMENT |
| Title |
Fumigation and controlled atmosphere storage of grain : |
| Remainder of title |
proceedings of an international conference held at Singapore, 14-18 February 1989 / |
| 260 ## - PUBLICATION, DISTRIBUTION, ETC. (IMPRINT) |
| Place of publication |
Canberra, A.C.T. : |
| Year of publication |
ACIAR, |
| -- |
1990. |
| 300 ## - PHYSICAL DESCRIPTION |
| Number of Pages |
301 p. : |
| Other physical details |
ill. ; |
| Dimensions |
24 cm. |
| 490 1# - SERIES STATEMENT |
| Series statement |
ACIAR proceedings ; |
| 650 #0 - SUBJECT ADDED ENTRY--TOPICAL TERM |
| Topical Term |
Grain |
| 650 #0 - SUBJECT ADDED ENTRY--TOPICAL TERM |
| Topical Term |
Grain |
| 650 #0 - SUBJECT ADDED ENTRY--TOPICAL TERM |
| Topical Term |
Protective atmospheres |
| 700 1# - ADDED ENTRY--PERSONAL NAME |
| Personal name |
Champ, B. R. |
| 700 1# - ADDED ENTRY--PERSONAL NAME |
| Personal name |
Highley, E. |
| 700 1# - ADDED ENTRY--PERSONAL NAME |
| Personal name |
Banks, H. J. |
| 710 2# - ADDED ENTRY--CORPORATE NAME |
| Corporate name or jurisdiction name as entry element |
Australian Centre for International Agricultural Research. |
| 710 2# - ADDED ENTRY--CORPORATE NAME |
| Corporate name or jurisdiction name as entry element |
National University of Singapore. |
| 942 ## - ADDED ENTRY ELEMENTS (KOHA) |
| Koha item type |
សៀវភៅភាសាអង់គ្លេស |
| 952 ## - LOCATION AND ITEM INFORMATION (KOHA) |
| Withdrawn status [LOCAL, KOHA] |
0 |
| 952 ## - LOCATION AND ITEM INFORMATION (KOHA) |
| Withdrawn status [LOCAL, KOHA] |
0 |
| 952 ## - LOCATION AND ITEM INFORMATION (KOHA) |
| Withdrawn status [LOCAL, KOHA] |
0 |